|
|
|
|
| LEADER |
00795nam a2200217 a 4500 |
| 001 |
GR-MES1064 |
| 008 |
991111s xxk 000 b eng d |
| 020 |
|
|
|a 0860030571
|
| 040 |
|
|
|a GrPaTEI
|b gre
|c GR-PaULI
|
| 245 |
0 |
0 |
|a Urban economies.Analysis and policy.
|
| 260 |
|
|
|a Oxford :
|b Philip Allan
|
| 300 |
|
|
|a 278σ.
|
| 500 |
|
|
|a bibliography:p(256-271).Includes indexes
|
| 650 |
|
4 |
|a ΑΣΤΙΚΗ ΟΙΚΟΝΟΜΙΑ
|
| 650 |
|
4 |
|a Οικονομία
|
| 700 |
1 |
|
|a Vickerman, R.
|
| 710 |
0 |
|
|a Philip Allan
|
| 942 |
|
|
|2 ddc
|
| 952 |
|
|
|0 0
|1 0
|2 ddc
|4 0
|6 330_941000000000000_085_8_VIC
|7 0
|9 264902
|a MSLG
|b MSLG
|c BSC
|d 2021-01-17
|e 24
|f 0
|g 0.00
|l 0
|o 330.941 085 8 VIC
|p 2420000002749
|r 2021-01-17 00:00:00
|t 1
|w 2021-01-17
|y BK15
|x 19991111 0 1
|x GrPaTEI
|
| 971 |
|
|
|a .b25721069
|b 15-04-20
|c 13-09-16
|
| 999 |
|
|
|c 152343
|d 152343
|